Premier League players who are in the 100 club-sudden death - Statistics

General Stats
  • This quiz has been taken 161 times
  • The average score is 10 of 33
Answers on the Grid
Answers color-coded by a green-red scale on the quiz's grid according to % correct below.
Alan Shearer
Andrew Cole
Callum Wilson
Carlos Tevez
Christian Benteke
Cristiano Ronaldo
Darren Bent
Dennis Bergkamp
Didier Drogba
Dimitar Berbatov
Dion Dublin
Dwight Yorke
Eden Hazard
Emile Heskey
Emmanuel Adebayor
Fernando Torres
Frank Lampard
Harry Kane
Ian Wright
James Beattie
Jamie Vardy
Jermain Dofe
Jimmy Floyd Hasselbaink
Kevin Davies
Kevin Phillips
Les Ferdinand
Louis Saha
Marcus Rashford
Mark Viduka
Matthew Le Tissier
Micheal Owen
Mohamed Salah
Nicolas Anelka
Ole Gunnar Solskjaer
Olivier Giroud
Paul Scholes
Peter Crouch
Raheem sterling
Robbie Fowler
Robbie Keane
Robin van Persie
Romelu Lukaku
Ruud van Nisterlrooij
Ryan Giggs
Sadio Mane
Sergio Aguero
Son Heung-Min
Steven Gerrard
Teddy Sheringham
Thierry Henry
Yakubu
 
Answer Stats
Answer % Correct
Alan Shearer
93%
Andrew Cole
64%
Didier Drogba
46%
Cristiano Ronaldo
43%
Harry Kane
42%
Frank Lampard
37%
Jamie Vardy
36%
Mohamed Salah
34%
Dwight Yorke
33%
Sergio Aguero
33%
Thierry Henry
33%
Dion Dublin
28%
Jermain Dofe
28%
Micheal Owen
28%
Robin van Persie
28%
Ian Wright
27%
Peter Crouch
25%
Ryan Giggs
25%
Darren Bent
24%
Emile Heskey
24%
Les Ferdinand
24%
Steven Gerrard
24%
Teddy Sheringham
24%
Robbie Keane
22%
Matthew Le Tissier
21%
Raheem sterling
21%
Robbie Fowler
21%
Son Heung-Min
21%
Jimmy Floyd Hasselbaink
19%
Romelu Lukaku
19%
Sadio Mane
19%
Nicolas Anelka
16%
Paul Scholes
16%
No matching quizzes found
Score Distribution
Percent of People with Each Score
Percentile by Number Answered
Your Score History
You have not taken this quiz